000
00269nam a2200121 a 4500
008
100916s1976|||| d
100
1
_a
Kráľ, J.
245
1
0
_a
Jarná pieseň
260
_b
Tatran
_a
Bratislava
_c
1976
044
_a
xo
_c
SK
041
_a
slo
020
_c
16
999
_c
10383
_d
10383